[Event "8th ch-Euro"]
[Site "Dresden GER"]
[Date "2007.04.11"]
[Round "8"]
[White "Bogner,S"]
[Black "Berg,K"]
[Result "1-0"]
[WhiteElo "2345"]
[BlackElo "2434"]

1.Nf3 d5 2.c4 dxc4 3.e3 Nf6 4.Bxc4 e6 5.d4 c5 6.O-O a6 7.Bb3 cxd4 8.exd4 Nc6
9.Nc3 Be7 10.Bg5 O-O 11.Qd2 b5 12.Rad1 Bb7 13.d5 Nxd5 14.Nxd5 exd5 15.Bxd5 Bxg5
16.Nxg5 Qf6 17.Ne4 Qe7 18.Nd6 Nd8 19.Nxb7 Nxb7 20.Rfe1 Qc7 21.Qe3 Rad8 22.Qa7 Rb8
23.Qxa6 Nc5 24.Qa3 Rfd8 25.b4 Na4 26.Qf3 g6 27.h4 Kg7 28.h5 Rb6 29.Bxf7 Rf6
30.h6+ Kxf7 31.Qb3+ Kf8 32.Qe3 Nb6 33.Qc5+ Qd6 34.Rxd6 Rfxd6 35.Qe5  1-0

[Event "1st Alexandr Buslaev Mem"]
[Site "Tbilisi GEO"]
[Date "2007.04.11"]
[Round "11"]
[White "Sikharulidze,G"]
[Black "Gelazonia,P"]
[Result "0-1"]
[WhiteElo "2296"]
[BlackElo "2312"]

1.Nf3 d5 2.c4 c6 3.g3 Nf6 4.Bg2 Bg4 5.O-O Nbd7 6.d4 dxc4 7.h3 Bxf3 8.Bxf3 e5
9.Na3 Bxa3 10.bxa3 O-O 11.Rb1 e4 12.Bg2 b5 13.a4 a6 14.Qc2 Rc8 15.Rd1 Nb6
16.axb5 axb5 17.g4 Nbd5 18.Be3 Nxe3 19.fxe3 Nd5 20.Qd2 c3 21.Qc1 Re8  0-1

[Event "8th ch-Euro"]
[Site "Dresden GER"]
[Date "2007.04.13"]
[Round "10"]
[White "Zueger,B"]
[Black "Smeets,J"]
[Result "0-1"]
[WhiteElo "2415"]
[BlackElo "2552"]

1.Nf3 d5 2.c4 c6 3.g3 dxc4 4.Bg2 Nd7 5.Na3 Nb6 6.Qc2 Qd5 7.e4 Qd3 8.Qxd3 cxd3
9.Ne5 f5 10.f3 g6 11.b3 Bg7 12.Bb2 Nh6 13.exf5 Bxf5 14.Nxd3 Bxb2 15.Nxb2 O-O-O
16.Nac4 Nf7 17.Ne3 e5 18.h4 Kc7 19.h5 Rhf8 20.hxg6 Bxg6 21.Rc1 Ng5 22.Rf1 Ne6
23.Nbc4 Nd7 24.Bh3 Rde8 25.Bxe6 Rxe6 26.Ke2 Nf6 27.b4 Kd7 28.Na5 b6 29.Nac4 Bh5
30.Ke1 Nd5 31.Rh1 Bg6 32.b5 cxb5 33.Nxd5 bxc4 34.Rxc4 Rxf3 35.Ra4 a5 36.Rg1 Bd3
37.Ra3 Rc6 38.Rc3 b5 39.Rxc6 Kxc6 40.Ne3 Kc5 41.Kd1 Kb4 42.Nc2+ Bxc2+ 43.Kxc2 Ka3
44.Re1 b4 45.Rxe5 a4 46.Ra5 Rxg3 47.d4 h5 48.d5 Rg5 49.Kd3 h4 50.Kc4 h3 51.Ra8 Rh5
52.d6 h2 53.d7 h1=Q 54.d8=Q Qe4+ 55.Qd4 Qc2+  0-1

[Event "TCh-ITA"]
[Site "Palermo ITA"]
[Date "2007.04.20"]
[Round "1"]
[White "Caposciutti,M"]
[Black "Saccona,S"]
[Result "1/2-1/2"]
[WhiteElo "2301"]
[BlackElo "2159"]

1.Nf3 d5 2.c4 e6 3.g3 Nf6 4.Bg2 Be7 5.O-O O-O 6.b3 Nbd7 7.Bb2 a5 8.Nc3 Nb6
9.d3 Re8 10.e3 c6 11.Qe2 a4 12.Rac1 Bf8 13.d4 axb3 14.axb3 dxc4 15.bxc4 Na4
16.Nxa4 Rxa4 17.Qc2 Qa5 18.Ra1 Rxa1 19.Rxa1 Qf5 20.Qd2 Qh5 21.h3 Ne4 22.g4 Qh6
23.c5 Ng5 24.Nxg5 Qxg5 25.f4 Qd8 26.Bc3 Bd7 27.Qb2 Bc8 28.g5 e5 29.dxe5 Bxc5
30.Bd4 Bf8 31.Bb6 Qd3 32.Qd4 Qb5 33.Bf1 Qb3 34.Bc4 Qc2 35.Bd3  1/2-1/2

[Event "9th Open"]
[Site "Dubai UAE"]
[Date "2007.04.22"]
[Round "1"]
[White "Sundararajan,K"]
[Black "Saeed,I"]
[Result "1/2-1/2"]
[WhiteElo "2458"]
[BlackElo "2146"]

1.Nf3 d5 2.c4 c6 3.e3 Nf6 4.d4 e6 5.Bd3 Nbd7 6.O-O Bd6 7.Nbd2 O-O 8.e4 e5
9.cxd5 cxd5 10.exd5 exd4 11.Nc4 Bc5 12.Bg5 Nb6 13.Nxb6 Bxb6 14.Bc2 Qd6 15.Nxd4 Qxd5
16.Bxf6 gxf6 17.Qd3 Qh5 18.Rad1 Bg4 19.Qg3 Qg5 20.Nf3 Qg7 21.Be4 Rae8 22.Rfe1 Ba5
23.Re3 Bb6 24.Ree1 Ba5 25.Re3  1/2-1/2

[Event "9th Open"]
[Site "Dubai UAE"]
[Date "2007.04.22"]
[Round "1"]
[White "Pantsulaia,L"]
[Black "Hilwani,T"]
[Result "1-0"]
[WhiteElo "2616"]
[BlackElo "2267"]

1.Nf3 d5 2.c4 c6 3.g3 Bg4 4.Bg2 Bxf3 5.Bxf3 dxc4 6.Na3 e5 7.Nxc4 Nd7 8.O-O Ngf6
9.d4 e4 10.Bg2 Nb6 11.Na5 Qd7 12.Qc2 O-O-O 13.Bg5 Qf5 14.Bxf6 Qxf6 15.Nb3 h5
16.Qxe4 h4 17.Rfc1 hxg3 18.hxg3 Nd5 19.Qg4+ Kb8 20.e4 Nb4 21.Rc3 g5 22.a3 Na6
23.Rf3 Qg6 24.Qf5 Qh6 25.Qxf7 Bg7 26.Na5 Nc7 27.Rb3  1-0

[Event "FMA Masters"]
[Site "Madrid ESP"]
[Date "2007.04.24"]
[Round "7"]
[White "Mirzoev,A"]
[Black "Borges Mateos,J"]
[Result "0-1"]
[WhiteElo "2535"]
[BlackElo "2482"]


1.Nf3 d5 2.c4 c6 3.b3 Bg4 4.e3 e6 5.Bb2 Nd7 6.h3 Bf5 7.Be2 h6 8.O-O Ngf6
9.d3 Be7 10.Nbd2 O-O 11.Qc2 a5 12.a3 Bh7 13.Rfd1 Bd6 14.Bc3 Qe7 15.Qb2 e5
16.b4 a4 17.d4 e4 18.Ne5 Bc7 19.Nxd7 Qxd7 20.b5 Bf5 21.Bb4 Rfe8 22.bxc6 bxc6
23.Bf1 g5 24.cxd5 Nxd5 25.Nc4 f6 26.Rab1 Kh8 27.Qe2 g4 28.g3 gxh3 29.Qh5 Kh7
30.Kh2 Rg8 31.Bxh3 Rg5 32.Qh4 Rag8 33.Be1 Kg6 34.Bxf5+ Qxf5 35.Kg1 Rh5 36.g4 Kf7  0-1

[Event "XIII Open"]
[Site "Cutro ITA"]
[Date "2007.04.27"]
[Round "5"]
[White "Rotstein,A"]
[Black "Bentivegna,F"]
[Result "1-0"]
[WhiteElo "2537"]
[BlackElo "2287"]

1.Nf3 d5 2.c4 d4 3.g3 g6 4.Bg2 Bg7 5.O-O e5 6.d3 Ne7 7.e3 dxe3 8.fxe3 Nbc6
9.Nc3 O-O 10.a3 h6 11.Rb1 Bf5 12.Ne1 Qd7 13.b4 Bh3 14.Bxh3 Qxh3 15.b5 Nd8
16.a4 f5 17.Qe2 Ne6 18.Nd5 Nxd5 19.cxd5 Ng5 20.Ng2 e4 21.Nf4 Nf3+ 22.Qxf3  1-0

[Event "President's Cup Rapid"]
[Site "Ankara TUR"]
[Date "2007.04.28"]
[Round "1"]
[White "Yagiz,Y"]
[Black "Ulker,A"]
[Result "0-1"]
[WhiteElo "2304"]
[BlackElo "2156"]

1.Nf3 d5 2.c4 c6 3.g3 Nf6 4.Bg2 Bf5 5.cxd5 cxd5 6.Qb3 Bc8 7.Nc3 e6 8.O-O Nc6
9.d4 Bd6 10.Bg5 Be7 11.Bxf6 Bxf6 12.e4 dxe4 13.Nxe4 O-O 14.Rfd1 Be7 15.Ne5 Nb4
16.Nc5 Nd5 17.Nxb7 Qb6 18.Nc5 Bxc5 19.dxc5 Qxc5 20.Rxd5 exd5 21.Bxd5 Be6
22.Bxe6 Qxe5 23.Bd5 Rab8 24.Qc4 Rxb2 25.Rd1 g6 26.Qd3 Qf6 27.Qe3 a5 28.Bb3 Kg7
29.h4 h5 30.Rd7 a4 31.Bxa4 Rxa2 32.Bb3 Ra1+ 33.Kg2 Ra3 34.Rd3 Rb8 35.Bd5 Rxd3
36.Qxd3 Rd8 37.Qb3 Rd7 38.Qb5 Qf5 39.Qb2+ Kh7 40.Bf3 Rc7 41.Qd4 Rd7 42.Qc4 Qe5
43.Qa2 Qd4 44.Qb3 Ra7 45.Be2 Kg7 46.Bf3 Ra1 47.Qb7 Ra2 48.Kh3 Rxf2 49.Qe4 Qd7+
50.g4 hxg4+ 51.Qxg4  0-1

[Event "President's Cup Rapid"]
[Site "Ankara TUR"]
[Date "2007.04.29"]
[Round "8"]
[White "Yagiz,Y"]
[Black "Citak,S"]
[Result "1-0"]
[WhiteElo "2304"]
[BlackElo "2358"]

1.Nf3 d5 2.c4 d4 3.g3 Nc6 4.Bg2 e5 5.d3 Nf6 6.O-O a5 7.e3 Be7 8.exd4 exd4
9.Na3 O-O 10.Nc2 h6 11.b3 Bf5 12.Bb2 Bc5 13.Re1 Qd6 14.a3 Rfe8 15.Qd2 Rad8
16.Rab1 Bh7 17.Bc1 Rxe1+ 18.Nfxe1 Re8 19.b4 axb4 20.axb4 Ba7 21.Nf3 Qe6 22.Ra1 Bb8
23.b5 Ne5 24.Nxe5 Qxe5 25.Bxb7 Qe2 26.Qxe2 Rxe2 27.Ra8 Nd7 28.Nxd4 Re1+ 29.Kg2 Bxd3
30.Bf4 Kh7 31.Bc6 Bxc4 32.f3 Rd1 33.Be3 Ne5 34.Be4+ g6 35.Rxb8 Bf1+ 36.Kf2 Bc4
37.Nc6 Nd3+ 38.Bxd3 Bxd3 39.Bd4 g5 40.Rh8+ Kg6 41.Ne7+  1-0

[Event "9th Open"]
[Site "Dubai UAE"]
[Date "2007.04.30"]
[Round "9"]
[White "Pantsulaia,L"]
[Black "Sadvakasov,D"]
[Result "1/2-1/2"]
[WhiteElo "2616"]
[BlackElo "2618"]

1.Nf3 d5 2.c4 e6 3.d4 c6 4.cxd5 exd5 5.Nc3 Bf5 6.Bf4 Bd6 7.Bxd6 Qxd6 8.e3 Nd7
9.Bd3 Ne7 10.O-O O-O 11.a3 a5 12.Rc1 h6 13.Na4 Bg4 14.Nc5 Nxc5 15.Rxc5 f5
16.Re1 Kh8 17.Be2 Bxf3 18.Bxf3 a4 19.g3 g5 20.Rc2 Rf6 21.Bg2 Raf8 22.Rce2 b5
23.f3 Qd7 24.Qd3 Rd8 25.e4 f4 26.e5 Rff8 27.g4 Qe6 28.Rc2 Kg7 29.Rec1 Rb8
30.Qd2 h5  1/2-1/2

[Event "I Open Casino"]
[Site "Lugano SUI"]
[Date "2007.05.01"]
[Round "5"]
[White "Salvetti,A"]
[Black "Herrera,Gu"]
[Result "1-0"]
[WhiteElo "2278"]
[BlackElo "2121"]

1.Nf3 d5 2.c4 e6 3.g3 Nf6 4.Bg2 Bd6 5.O-O O-O 6.Qc2 c5 7.d4 b6 8.Nc3 Bb7
9.dxc5 Bxc5 10.cxd5 Nxd5 11.Ng5 g6 12.Qe4 Qf6 13.Qh4 Qg7 14.Nxd5 Bxd5 15.Ne4 Nd7
16.Nxc5 Nxc5 17.Bh6 Qxb2 18.Bxd5 exd5 19.Rab1 Qe5 20.Bxf8 Rxf8 21.Rfe1 Re8
22.Qb4 Qf5 23.Rbd1 Ne6 24.Qb5 Nc7 25.Qc6 Qe5 26.Qb7 d4 27.e3 d3 28.Rxd3 Ne6
29.Qd5 Qb2 30.Qb3 Qf6 31.Qa4 Rc8 32.Rd6 Qf3 33.Qd1 Qf5 34.Qd3 Qa5 35.Qd2 Qh5
36.Rc1 Rf8 37.Qd1 Qa5 38.Qd5 Qa3 39.Rd1 Qb2 40.Rd2 Qc1+ 41.Kg2 h5 42.h4 Rc8
43.Rxe6 fxe6 44.Qxe6+ Kg7 45.Rd6 Qc2 46.e4 Rc7 47.Qxg6+ Kf8 48.Rf6+ Ke7 49.Qg7+  1-0

[Event "Open"]
[Site "Halkidiki GRE"]
[Date "2007.05.04"]
[Round "8"]
[White "Vragoteris,A"]
[Black "Slovineanu,V"]
[Result "0-1"]
[WhiteElo "2326"]
[BlackElo "2421"]

1.Nf3 d5 2.c4 c6 3.e3 Nf6 4.Nc3 e6 5.Qc2 Nbd7 6.d4 Bd6 7.b3 O-O 8.Be2 Qe7
9.O-O Re8 10.Bb2 dxc4 11.bxc4 e5 12.Rae1 e4 13.Nd2 Nf8 14.f3 exf3 15.Bxf3 Ng4
16.Bxg4 Bxg4 17.e4 f6 18.e5 fxe5 19.Nce4 Bc7 20.c5 Ng6 21.Nc4 Rf8 22.Rxf8+ Rxf8
23.Ned6 Qh4 24.g3 Qf6 25.dxe5 Qe6 26.Qb3 b6 27.Ne3 Bh3 28.cxb6 Bxb6 29.Qxe6+ Bxe6
30.Kg2 Bxa2 31.Nec4 Rf2+ 32.Kh3 Rc2 33.e6 Bd8 34.Rd1 Be7 35.Ba3 Rxc4 36.Nxc4 Bxc4
37.Bxe7 Bxe6+ 38.g4 Nxe7 39.Ra1 Nc8 40.Rc1 Bd5 41.Rb1 Nd6 42.Kg3 Kf7 43.Kf4 Ke6
44.Re1+ Kd7 45.Ra1 Nb5 46.Ke5 Kc7 47.g5 Kb6 48.Rf1 a5 49.Rf4 Nc3 50.Rh4 a4
51.Kd4 Nb5+ 52.Kd3 a3 53.Kc2 Kc5 54.Kb1 Nd4 55.Rh3 Kb4 56.Rh4 c5 57.Ka1 Bc4  0-1

[Event "TCh-RUS HL"]
[Site "Sochi RUS"]
[Date "2007.05.06"]
[Round "4"]
[White "Belozerov,A"]
[Black "Goloshchapov,A"]
[Result "1/2-1/2"]
[WhiteElo "2541"]
[BlackElo "2555"]

1.Nf3 d5 2.c4 c6 3.d4 Nf6 4.Qc2 e6 5.Nbd2 c5 6.cxd5 cxd4 7.Nxd4 Nxd5 8.N2f3 Nb4
9.Qb3 N4c6 10.Nxc6 Nxc6 11.Bd2 Bc5 12.e3 O-O 13.Bd3 b6 14.O-O Bb7 15.Rfd1 Qe7
16.Bc3 Bb4 17.Rac1 Bxc3 18.Qxc3 Nb4 19.Bb1 Rac8  1/2-1/2

[Event "ch-LTU"]
[Site "Siauliai LTU"]
[Date "2007.05.07"]
[Round "3"]
[White "Kveinys,A"]
[Black "Sakalauskas,V"]
[Result "1/2-1/2"]
[WhiteElo "2546"]
[BlackElo "2423"]

1.Nf3 d5 2.c4 dxc4 3.e3 Nf6 4.Bxc4 e6 5.d4 a6 6.O-O c5 7.Bb3 cxd4 8.exd4 Nc6
9.Nc3 Be7 10.Re1 O-O 11.a3 b5 12.d5 exd5 13.Nxd5 Nxd5 14.Qxd5 Bb7 15.Qh5 Qd3
16.Ba2 Qg6 17.Qxg6 hxg6 18.Bg5 Bf6 19.Rad1 Rad8 20.Rxd8 Rxd8 21.h4 Kf8 22.Be3 Bxb2
23.Bb6 Rc8 24.Bc5+ Kg8 25.Ng5 Ne5 26.Nxf7 Nxf7 27.Re7 Rxc5 28.Bxf7+ Kh7 29.Rxb7 Be5
30.g3 Rc7  1/2-1/2

[Event "ch-LTU"]
[Site "Siauliai LTU"]
[Date "2007.05.07"]
[Round "4"]
[White "Kveinys,A"]
[Black "Labeckas,K"]
[Result "1/2-1/2"]
[WhiteElo "2546"]
[BlackElo "2248"]

1.Nf3 d5 2.c4 c6 3.e3 Nf6 4.Nc3 Bf5 5.cxd5 Nxd5 6.Qb3 Qb6 7.Nxd5 Qxb3 8.axb3 cxd5
9.Nd4 Bd7 10.Nb5 Bxb5 11.Bxb5+ Nc6 12.d3 e6 13.Bd2 Bd6 14.Bc3 Kd7 15.Ra4 Rhg8
16.h4 a6 17.Bxc6+ Kxc6 18.h5 b5 19.Rg4 e5 20.e4 dxe4 21.dxe4 Kd7 22.Ke2 Ke6
23.Ra1 g6 24.hxg6 hxg6 25.Rg3 Rgc8 26.Rd3 Rc6 27.Bd2 Bc5 28.Rc3  1/2-1/2

[Event "TCh-RUS HL"]
[Site "Sochi RUS"]
[Date "2007.05.08"]
[Round "6"]
[White "Kljucharev,S"]
[Black "Rakhmanov,A"]
[Result "0-1"]
[WhiteElo "2314"]
[BlackElo "2497"]

1.Nf3 d5 2.c4 d4 3.e3 Nc6 4.d3 e5 5.exd4 exd4 6.Be2 h6 7.O-O Be6 8.Nbd2 Nf6
9.Nb3 Be7 10.Bf4 Rc8 11.Ne1 g5 12.Bg3 h5 13.Bf3 Rh6 14.Bxc6+ bxc6 15.Na5 c5
16.Nc6 Qd7 17.Ne5 Qd8 18.f4 Ng4 19.Nxg4 Bxg4 20.Qa4+ Bd7 21.Qa5 g4 22.f5 h4
23.Bf4 Rf6 24.Nc2 Rxf5 25.Rae1 Be6 26.Qxa7 Ra8 27.Qxc7 Qxc7 28.Bxc7 Rxf1+
29.Kxf1 Rxa2 30.Rb1 Kd7 31.Bf4 Ra7 32.Na3 Ra4 33.Nb5 h3 34.gxh3 gxh3 35.Ke2 Bf5
36.Na3 Rb4 37.b3 Rb6 38.Nc2 Rg6 39.Ne1 Re6+ 40.Kf1 Bh4 41.Bd2 Bg4 42.Ra1 Be2+
43.Kg1 Rg6+ 44.Kh1 Bf2 45.Ra7+ Kc8 46.Ra8+ Kb7  0-1

[Event "ch-LTU"]
[Site "Siauliai LTU"]
[Date "2007.05.10"]
[Round "8"]
[White "Kveinys,A"]
[Black "Beinoras,M"]
[Result "1-0"]
[WhiteElo "2546"]
[BlackElo "2254"]

1.Nf3 d5 2.c4 c6 3.e3 Nf6 4.Nc3 e6 5.b3 Nbd7 6.Qc2 Bd6 7.Bb2 O-O 8.Be2 b6
9.cxd5 exd5 10.d4 Bb7 11.O-O Rc8 12.Bd3 Re8 13.Rfe1 h6 14.Rad1 a6 15.h3 Rc7
16.Qe2 Qc8 17.Bf5 g6 18.Bb1 a5 19.Qc2 Bf8 20.Rc1 Qd8 21.Ne5 Nxe5 22.dxe5 Rxe5
23.Nb5 Rce7 24.Bxe5 Rxe5 25.Nc3 c5 26.Rcd1 Qc8 27.f4 Re8 28.Qf2 Bg7 29.Qd2 Rd8
30.e4 d4 31.e5 Nd5 32.Nxd5 Bxd5 33.Be4 Be6 34.Bd3 h5 35.Bc4 Bf5 36.Qe2 Re8
37.Qf3 Re7 38.Kh1 Bd7 39.a4 Be6 40.Rf1 Qd7 41.Bb5 Qc8 42.Rde1 Qd8 43.Bc4 Qd7
44.Rc1 Bh6 45.Rc2 Bf5 46.Rcf2 Bg7 47.Re2 Bh6 48.Bd3 Bg7 49.Bxf5 Qxf5 50.g4 hxg4
51.hxg4 Qc8 52.f5 gxf5 53.gxf5 Rxe5 54.Rxe5 Bxe5 55.f6 Bxf6 56.Kg2  1-0

[Event "TCh-RUS HL"]
[Site "Sochi RUS"]
[Date "2007.05.11"]
[Round "9"]
[White "Lushenkov,M"]
[Black "Kiselev,G"]
[Result "1-0"]
[WhiteElo "2387"]
[BlackElo "2424"]

1.Nf3 d5 2.c4 c6 3.e3 Nf6 4.Nc3 a6 5.Qc2 dxc4 6.Bxc4 b5 7.Be2 e6 8.d4 Nbd7
9.e4 Bb7 10.e5 Nd5 11.Nxd5 cxd5 12.Bd2 Rc8 13.Qb3 Be7 14.a4 b4 15.a5 Rb8
16.Qa4 O-O 17.O-O f6 18.Bxb4 fxe5 19.Bxe7 Qxe7 20.dxe5 Ba8 21.Qa3 Qxa3 22.Rxa3 Nc5
23.b3 Rxb3 24.Rxb3 Nxb3 25.Bxa6 Nxa5 26.Nd4 Kf7 27.Rc1 Re8 28.f4 Bb7 29.Nb5 Re7
30.Nd6+ Kg6 31.Bd3+ Kh6 32.Rc5 Nb3 33.Rc3 Nd4 34.Kf2 g6 35.g4 Ba8 36.Ra3  1-0

[Event "Mitropa Cup Women"]
[Site "Szeged HUN"]
[Date "2007.05.11"]
[Round "4"]
[White "Tanacs,A"]
[Black "Purgar,I"]
[Result "1/2-1/2"]
[WhiteElo "1958"]
[BlackElo "1975"]

1.Nf3 d5 2.c4 c6 3.e3 Nf6 4.b3 Bf5 5.d4 e6 6.Bd3 Bg6 7.O-O Nbd7 8.Bb2 Bd6
9.Qc2 O-O 10.Nbd2 Re8 11.Bxg6 hxg6 12.e4 e5 13.Rfe1 exd4 14.exd5 cxd5 15.Nxd4 Rc8
16.Qd1 Ne5 17.Nb5 dxc4 18.Nxd6 Qxd6 19.Bxe5 Rxe5 20.Rxe5 Qxe5 21.Nxc4 Qf4
22.Qd6 Qe4 23.Rd1 Re8 24.h3 Qe2 25.Qd2 Qxd2 26.Rxd2 Kf8 27.Kf1  1/2-1/2

[Event "ch-UZB"]
[Site "Tashkent UZB"]
[Date "2007.05.13"]
[Round "3"]
[White "Kvon,A"]
[Black "Galyamov,V"]
[Result "1-0"]
[WhiteElo "2360"]
[BlackElo "2238"]

1.Nf3 d5 2.c4 e6 3.g3 f5 4.Bg2 Nf6 5.O-O Bd6 6.Nc3 c6 7.d3 O-O 8.e4 Nbd7
9.Ng5 Nb6 10.d4 h6 11.e5 hxg5 12.c5 Ne4 13.cxd6 Nxc3 14.bxc3 g6 15.Qd2 f4
16.Qe2 Rf5 17.Bh3 Qf8 18.Bxf5 Qxf5 19.Qf3 Bd7 20.h4 Rf8 21.g4 Qc2 22.hxg5 Nc4
23.Rd1 c5 24.Qd3 Qxd3 25.Rxd3 cxd4 26.cxd4 Ba4 27.Rf3 Bc2 28.Rxf4 Rc8 29.Rf6 Re8
30.Rxe6  1-0

[Event "25th Liechtenstein Open"]
[Site "Triesen LIE"]
[Date "2007.05.13"]
[Round "3"]
[White "Dittmar,P"]
[Black "Kanonier,C"]
[Result "1-0"]
[WhiteElo "2344"]
[BlackElo "2103"]

1.Nf3 d5 2.c4 c6 3.e3 e6 4.b3 Nf6 5.Bb2 Nbd7 6.Qc2 Bd6 7.Nc3 O-O 8.Rc1 Re8
9.Be2 Qe7 10.O-O e5 11.cxd5 Nxd5 12.Ne4 Bb8 13.Ng3 N7f6 14.d3 a5 15.a3 Ng4
16.Rfe1 f6 17.Bf1 Bd6 18.Ra1 Nh6 19.Ne4 Bc7 20.Nc5 Nf7 21.g3 f5 22.e4 fxe4
23.dxe4 Nf6 24.Nh4 b6 25.Na4 c5 26.Nc3 Nd6 27.Rad1 Bb7 28.Bc1 Rad8 29.Bg5 Nf7
30.Nf5 Qf8 31.Bxf6 gxf6 32.Bc4 Kh8 33.Bd5 Bc8 34.Ne3 Ng5 35.Qe2 Qh6 36.h4 Nh3+
37.Kh2 Nf4 38.Qf3 Ne6 39.Bxe6 Rxd1 40.Rxd1 Bxe6 41.Ncd5 Bd8 42.a4 Qg6 43.Nf5 Bxf5
44.Qxf5 Qxf5 45.exf5 Kg8 46.Ne3 Be7 47.Kg2 c4 48.Nxc4 Bc5 49.Rd7 e4 50.Nd6 Re5
51.Nf7 Re8 52.Nh6+ Kh8 53.Ng4 Be7 54.Ne3  1-0

[Event "Stuttgarter Stadtmeisterschaft"]
[Site "Gerlingen GER"]
[Date "2007.05.17"]
[Round "1"]
[White "Gehringer,F"]
[Black "Rausis,I"]
[Result "0-1"]
[WhiteElo "2079"]
[BlackElo "2537"]

1.Nf3 d5 2.c4 dxc4 3.Na3 a6 4.Nxc4 b5 5.Ne3 Bb7 6.b3 Nf6 7.Bb2 Nbd7 8.d4 e5
9.Nc2 e4 10.Nd2 Bd6 11.e3 h5 12.Be2 Rh6 13.a4 b4 14.h4 Bd5 15.Bc4 c6 16.a5 Rg6
17.g3 Ng4 18.Qe2 Nxf2 19.Rf1 Bxg3 20.Rxf2 Rf6 21.O-O-O Rxf2 22.Qxh5 Qxh4
23.Qxh4 Bxh4 24.Nxb4 Nf6 25.Nxa6 Ra7 26.Nc5 Rxa5 27.Nb7 Ra8 28.Bc3 g5 29.Rh1 Kd7
30.Nc5+ Kc7 31.Kb2 Ng4 32.Ba6 Kd8 33.Nb7+ Ke7 34.Nc5 Nxe3 35.Bb7 Ra7 36.Bb4 Kf6
37.Bc3 Kg6 38.Bc8 Nf5 39.Kb1 Nd6  0-1

[Event "ch-UZB"]
[Site "Tashkent UZB"]
[Date "2007.05.17"]
[Round "7"]
[White "Karimov,I"]
[Black "Galyamov,V"]
[Result "0-1"]
[WhiteElo "2317"]
[BlackElo "2238"]

1.Nf3 d5 2.c4 e6 3.d4 c6 4.Nc3 f5 5.e3 Nf6 6.Bd3 Bd6 7.Qc2 Ne4 8.Bd2 O-O
9.g4 Na6 10.a3 Nxf2 11.Kxf2 fxg4 12.h4 Qf6 13.Be2 e5 14.cxd5 exd4 15.Ne4 Qe5
16.Rag1 cxd5 17.Ng5 dxe3+ 18.Bxe3 Bf5 19.Nxe5 Bxc2+ 20.Nef7 Bg6 21.Kg2 Bxf7
22.Bxg4 Bc5 23.Bxc5 Nxc5 24.Nxf7 Kxf7 25.Rc1 b6 26.Rhd1 Rad8 27.b4 Ne4 28.Rc7+ Kg6
29.Bf3 Rf4 30.h5+ Kh6 31.Rxa7 Rdf8 32.Rd3 R4f5 33.Re7 Rg5+ 34.Kh2 Nf2 35.Rxd5 Ng4+  0-1

[Event "25th Liechtenstein Open"]
[Site "Triesen LIE"]
[Date "2007.05.17"]
[Round "7"]
[White "Dittmar,P"]
[Black "Ballon,G"]
[Result "1/2-1/2"]
[WhiteElo "2344"]
[BlackElo "2163"]

1.Nf3 d5 2.c4 c6 3.e3 Nf6 4.Nc3 e6 5.b3 Nbd7 6.Bb2 Bd6 7.Qc2 O-O 8.Be2 dxc4
9.Bxc4 e5 10.O-O Nb6 11.Be2 Qe7 12.d3 Re8 13.Ne4 Nxe4 14.dxe4 Be6 15.Nd2 Rad8
16.Rfd1 f6 17.Bh5 Bf7 18.Bxf7+ Kxf7 19.a3 Qe6 20.Bc3 Rd7 21.Ba5 Bc7 22.Nf1 Red8
23.h3 g6 24.Ng3 Rd6 25.Bb4 Rxd1+ 26.Rxd1 Rxd1+ 27.Qxd1 Qd7 28.Qc2 Bd6  1/2-1/2

[Event "Capo d'Orso"]
[Site "Porto Mannu PAL"]
[Date "2007.05.19"]
[Round "1"]
[White "Nickel,A"]
[Black "Niccoli,P"]
[Result "1-0"]
[WhiteElo "2101"]
[BlackElo "1886"]

1.Nf3 d5 2.c4 c6 3.d4 Nf6 4.Nc3 dxc4 5.a4 Bf5 6.Ne5 e6 7.g3 Nbd7 8.Nxc4 Bb4
9.Bg2 O-O 10.O-O Re8 11.Bf4 Nh5 12.Bd6 Nb6 13.Bxb4 Nxc4 14.b3 a5 15.Bc5 Nb6
16.e4 Bg6 17.e5 Nd5 18.Nxd5 exd5 19.f4 Be4  1-0

[Event "Capo d'Orso"]
[Site "Porto Mannu PAL"]
[Date "2007.05.20"]
[Round "2"]
[White "Matamoros Franco,C"]
[Black "Pantaleoni,C"]
[Result "1-0"]
[WhiteElo "2523"]
[BlackElo "2219"]

1.Nf3 d5 2.c4 e6 3.g3 dxc4 4.Qc2 Nd7 5.Bg2 Ngf6 6.O-O a6 7.a4 Rb8 8.Na3 Bxa3
9.bxa3 O-O 10.Qxc4 a5 11.Qc3 Nb6 12.Qxa5 Ra8 13.Qc3 Nxa4 14.Qc2 Ra5 15.d4 Ra6
16.Rb1 h6 17.Bf4 Nd5 18.Bd2 Ne7 19.e4 Nc6 20.Rfd1 Nb6 21.Bc1 Ra5 22.Bb2 Qe7
23.Bc3 Rxa3 24.d5 Qc5 25.Rbc1 exd5 26.Qd2 Nc4 27.Qxd5 Qxd5 28.exd5 N6a5 29.Bb4 Ra2
30.Bxf8 Kxf8 31.h3 Bd7 32.Nd4 b5 33.Re1 Nd6 34.Ra1 Rxa1 35.Rxa1 Nab7 36.Nc6 f6
37.Nb4 Ke7 38.Re1+ Kf7 39.Na6 Ne8 40.Rc1  1-0

[Event "ch-UZB"]
[Site "Tashkent UZB"]
[Date "2007.05.20"]
[Round "10"]
[White "Kasyan,A"]
[Black "Galyamov,V"]
[Result "1/2-1/2"]
[WhiteElo "2267"]
[BlackElo "2238"]

1.Nf3 d5 2.c4 e6 3.d4 c6 4.e3 f5 5.Ne5 Nf6 6.Bd3 Bd6 7.f4 O-O 8.Nd2 Ne4 9.O-O Nd7
10.g4 Ndf6 11.g5 Nxd2 12.Bxd2 Ne4 13.Bxe4 fxe4 14.Qe2 Bd7 15.Bc3 Be8 16.h4 Bg6
17.Nxg6 hxg6 18.Kg2 Qe8 19.Rh1 Rf5 20.Rh3 Qf7 21.Rah1 Rf8 22.c5 Bc7 23.b4 Qe8
24.a4 a6 25.h5 gxh5 26.Rxh5 Qg6 27.b5 axb5 28.axb5 Bd8 29.bxc6 bxc6 30.Be1 Be7
31.Bg3 e5 32.Rh8+ Kf7 33.R1h6 gxh6 34.Rxh6 exd4 35.exd4 Qxh6 36.gxh6 Kg6
37.Qa6 R8f6 38.Bh4 Kxh6 39.Bxf6 Rxf6 40.Qb7 Bf8 41.Qc7 Bg7 42.Kh3 Rg6 43.f5 Rf6
44.Kg4 Kh7 45.Qe7 Kh8 46.Qe8+ Kh7 47.Qd7 Kh8 48.Kg5 Kh7 49.Qe7 Rh6 50.Kg4 Kh8
51.Qe8+ Kh7 52.Qf7 Kh8 53.Kg5 Rf6 54.Qh5+ Kg8 55.Qh2 Rh6  1/2-1/2

[Event "3rd UKR Games Women"]
[Site "Evpatoria UKR"]
[Date "2007.05.22"]
[Round "2"]
[White "Bidkova,V"]
[Black "Ivanenko,O2"]
[Result "1/2-1/2"]
[WhiteElo "2044"]
[BlackElo "2077"]

1.Nf3 d5 2.c4 e6 3.g3 c5 4.cxd5 exd5 5.d4 Nc6 6.Bg2 c4 7.Nc3 Bb4 8.O-O Nge7
9.e4 dxe4 10.Nxe4 O-O 11.a3 Ba5 12.Qa4 Bg4 13.Be3 Qd5 14.Ne5 b5 15.Nxc6 Nxc6
16.Qxa5 Nxa5 17.Nf6+ gxf6 18.Bxd5 Rad8 19.f3 Bh3 20.Be4 Bxf1 21.Kxf1 Rfe8
22.Kf2 Nb3 23.Rd1 Nc5 24.Bc2 Nb7 25.d5 Nd6 26.Bxa7 Rd7 27.Bd4 Kg7 28.g4 h6
29.h4 Rh8 30.Kg3 Ne8 31.Be4 Rg8 32.Bc3 Kf8 33.Bh7 Rg7 34.Bb4+ Nd6 35.Bf5 Rd8
36.Re1 Rg8 37.Kf4 Kg7 38.Bc2 Rge8 39.Rc1 Re2 40.Bc3 Nc8 41.Be4 Ne7 42.Rd1 Ng6+
43.Kg3 Ne5 44.g5 hxg5 45.hxg5 Re8 46.gxf6+ Kxf6 47.d6 Ke6 48.Bd5+ Kf5 49.Be4+ Ke6
50.Bd5+ Kf5 51.Be4+  1/2-1/2

[Event "3rd UKR Games Men"]
[Site "Evpatoria UKR"]
[Date "2007.05.24"]
[Round "6"]
[White "Vypkhanyuk,I"]
[Black "Tishin,D"]
[Result "1/2-1/2"]
[WhiteElo "2270"]
[BlackElo "2308"]

1.Nf3 d5 2.c4 e6 3.g3 Nf6 4.Bg2 Be7 5.O-O O-O 6.b3 b6 7.Bb2 Bb7 8.e3 Nbd7
9.Nc3 c5 10.d3 a6 11.Qe2 Re8 12.Rfd1 Qc7 13.Rac1 Rac8 14.cxd5 exd5 15.d4 Qb8
16.Ne5 cxd4 17.Nxd7 Nxd7 18.Nxd5 Rxc1 19.Rxc1 Bxd5 20.Bxd5 dxe3 21.Qxe3 Bf6
22.Qd2 Bxb2 23.Qxb2 Nc5  1/2-1/2

[Event "VII Mario Covas"]
[Site "Santos BRA"]
[Date "2007.05.27"]
[Round "9"]
[White "Matsuura,E"]
[Black "Cubas,Jo"]
[Result "1-0"]
[WhiteElo "2502"]
[BlackElo "2447"]

1.Nf3 d5 2.c4 c6 3.g3 Nf6 4.b3 Bf5 5.Bb2 e6 6.Bg2 Be7 7.O-O O-O 8.d3 h6 9.Nbd2 Bh7
10.a3 a5 11.Bc3 b5 12.Ne5 Nfd7 13.Nxd7 Nxd7 14.b4 Nb6 15.cxb5 axb4 16.axb4 cxb5
17.Nb3 Na4 18.Bd2 Qd7 19.Na5 Rfc8 20.Qb3 Rc7 21.Rac1 Rac8 22.Rxc7 Rxc7 23.Rc1 Rxc1+
24.Bxc1 Bg6 25.Bd2 Qc8 26.e3 Bf6 27.d4 Nb6 28.Qc3 Nc4 29.Nxc4 bxc4 30.b5 Bd8
31.Qa3 f5 32.Qd6 Be8 33.b6 Bc6 34.Ba5 Bb7 35.Bf3 Kf7 36.Bb4 Bf6 37.g4 Qd8
38.gxf5 Qxd6 39.Bxd6 exf5 40.Bd1 Ke6 41.Bc5 Be7 42.Ba4 g5 43.Kf1 g4 44.Be8 Bg5
45.Ke2 f4 46.Bh5 Kf5 47.Be8 f3+ 48.Kd2 Bd8 49.Bd7+ Kg5 50.Be6 Kh4 51.e4 dxe4
52.Bxc4 Kh3 53.d5 Kxh2 54.Ke3 Kg2 55.Kxe4 h5 56.Bb5 h4 57.Bd7 h3 58.Bxg4 Bxd5+
59.Kxd5 h2 60.Ke4  1-0

[Event "Okie A"]
[Site "Tulsa USA"]
[Date "2007.05.28"]
[Round "6"]
[White "Coleman,M"]
[Black "Simms,G"]
[Result "1-0"]
[WhiteElo "2201"]
[BlackElo "2184"]

1.Nf3 d5 2.c4 e6 3.d4 Nf6 4.Nc3 c6 5.Bg5 h6 6.Bxf6 Qxf6 7.Qb3 a5 8.a3 Nd7
9.e4 dxe4 10.Nxe4 Qf4 11.Bd3 Nf6 12.Nc3 Bd6 13.h3 Bb8 14.Rd1 O-O 15.Bb1 b5
16.O-O bxc4 17.Qxc4 Bb7 18.Rfe1 c5 19.Ne5 Ba6 20.Qxc5 Bb7 21.Qb5 Ba6 22.Qb3 Rd8
23.g3 Qg5 24.Nxf7  1-0

[Event "8th United Insurance"]
[Site "Dhaka BAN"]
[Date "2007.05.31"]
[Round "6"]
[White "Abdul,Mal"]
[Black "Chowdhury,So"]
[Result "1-0"]
[WhiteElo "2255"]
[BlackElo "2267"]

1.Nf3 d5 2.c4 d4 3.e4 g6 4.d3 Bg7 5.Be2 e5 6.O-O Ne7 7.Bg5 h6 8.Bh4 c5 9.Bg3 Nbc6
10.Nbd2 O-O 11.Ne1 g5 12.Bg4 Ng6 13.Bxc8 Rxc8 14.Qh5 a5 15.a3 Qe7 16.Nef3 Qe6
17.h4 g4 18.Nh2 f5 19.exf5 Rxf5 20.Qxg4 Rcf8 21.Ne4 b6 22.Nf3 Nd8 23.Rae1 Qc6
24.h5 Nf4 25.Nh4 R5f7 26.Bxf4 Rxf4 27.Qg3 R8f7 28.Ng6 R4f5 29.Qg4 Qe6 30.f3 Kh7
31.Rf2 Rxh5 32.Qxh5 Qxg6 33.Qxg6+ Kxg6 34.g3 Ne6 35.Kg2 Rf8 36.Rh1 Rb8 37.a4 Rf8
38.Rh4 h5 39.f4 exf4 40.gxf4 Bh6 41.f5+ Rxf5 42.Rxf5 Kxf5 43.Rxh5+ Kg6 44.Re5 Nf4+
45.Kf3 Nxd3 46.Re6+ Kh5 47.b3 Nc1 48.Rxb6 d3 49.Rb5 d2 50.Rxc5+ Kg6 51.Rd5 Nxb3
52.c5  1-0